|
|
|
|
| LEADER |
00000nab a2200000ua 4500 |
| 001 |
vtls010793671 |
| 003 |
SK-MaSNL |
| 005 |
20260303184018.0 |
| 008 |
230214s1951 xo |||||||||||||||||slo| |
| 035 |
|
|
|a (urnnbn)urn:nbn:sk:snk:ar-a038di
|
| 035 |
|
|
|a (uuid)3202c216-90da-4cd5-99ef-a42a4c6f75f0
|
| 035 |
|
|
|a urn:nbn:sk:snk-ab54xv
|
| 040 |
|
|
|a SNKBUCL
|b slo
|c SNKBUCL
|e AACR2
|
| 041 |
0 |
|
|a slo
|
| 044 |
|
|
|a xo
|c SK
|
| 100 |
1 |
|
|a Meitner, E. R.
|4 aut
|9 1213641
|
| 245 |
1 |
0 |
|a Kalcifikácia artérií
|c E. R. Meitner
|
| 773 |
0 |
|
|t Bratislavské lekárske listy
|g Roč. 31, č. 7-8 (1951), s. 783-784
|
| 954 |
|
|
|a odborná, vedecká literatúra pôvodná (slovenská)
|2 lita
|
| 958 |
|
|
|a OND
|
| 958 |
|
|
|a EUIPO
|
| 958 |
|
|
|a article3
|
| 999 |
|
|
|c 2124367
|d 2126297
|